[Event "DEM U18w 2019"]
[Site "Willingen GER"]
[Date "2019.06.14"]
[Round "8"]
[White "Schneider, Xenia"]
[Black "Fock, Sana"]
[Result "0-1"]
[Termination "normal"]
[Board "8"]
[WhiteElo "1364"]
[BlackElo "1796"]
[WhiteClock "00:06:51"]
[BlackClock "00:16:50"]
[PlyCount "66"]
[WhiteFideId "12911984"]
[BlackFideId "12981966"]
[EventCountry "GER"]
[EventRounds "9"]
[EventType "swiss"]
[EventDate "2019.06.08"]

1. e4 {[%clk 1:30:57]} 1... c5 {[%clk 1:30:56]} 2. Nf3 {[%clk 1:31:05]} 2... d6
{[%clk 1:31:17]} 3. d4 {[%clk 1:30:28]} 3... cxd4 {[%clk 1:31:37]} 4. Nxd4 {
[%clk 1:30:46]} 4... Nf6 {[%clk 1:32:01]} 5. Bd3 {[%clk 1:28:27]} 5... e5 {
[%clk 1:30:35]} 6. Nf3 {[%clk 1:24:42]} 6... Be7 {[%clk 1:29:28]} 7. Be3 {
[%clk 1:24:05]} 7... a6 {[%clk 1:28:15]} 8. h3 {[%clk 1:22:21]} 8... Qc7 {
[%clk 1:26:22]} 9. Nc3 {[%clk 1:17:46]} 9... Be6 {[%clk 1:23:36]} 10. Bg5 {
[%clk 1:02:51]} 10... Nbd7 {[%clk 1:21:45]} 11. Qe2 {[%clk 1:01:32]} 11... h6 {
[%clk 1:17:13]} 12. Bh4 {[%clk 1:01:39]} 12... Rc8 {[%clk 1:13:38]} 13. O-O {
[%clk 0:56:28]} 13... O-O {[%clk 1:09:38]} 14. Rfe1 {[%clk 0:51:38]} 14... b5 {
[%clk 1:05:23]} 15. Qd2 {[%clk 0:37:18]} 15... Nb6 {[%clk 0:59:14]} 16. Rad1 {
[%clk 0:34:01]} 16... Rfd8 {[%clk 0:52:39]} 17. g4 {[%clk 0:24:02]} 17... d5 {
[%clk 0:40:59]} 18. exd5 {[%clk 0:13:30]} 18... Nfxd5 {[%clk 0:38:38]} 19. Bxe7
{[%clk 0:12:46]} 19... Nxe7 {[%clk 0:38:22]} 20. Nxe5 {[%clk 0:12:34]} 20...
Nc4 {[%clk 0:36:12]} 21. Qf4 {[%clk 0:12:13]} 21... Nxb2 {[%clk 0:32:39]} 22.
Rb1 22... Qxc3 {[%clk 0:31:45]} 23. Nxf7 {[%clk 0:11:38]} 23... Nxd3 { [%clk
0:30:11]} 24. cxd3 {[%clk 0:09:34]} 24... Ng6 {[%clk 0:24:16]} 25. Nxh6+ {[%clk
0:08:50]} 25... gxh6 {[%clk 0:21:04]} 26. Qxh6 {[%clk 0:09:01]} 26... Bf7
{[%clk 0:20:27]} 27. h4 {[%clk 0:07:23]} 27... Qg7 {[%clk 0:20:10]} 28. Qd2
{[%clk 0:07:25]} 28... Nxh4 {[%clk 0:19:36]} 29. Qf4 {[%clk 0:07:24]} 29...
Rxd3 {[%clk 0:17:18]} 30. Re3 {[%clk 0:07:29]} 30... Rxe3 {[%clk 0:17:34]} 31.
fxe3 {[%clk 0:07:50]} 31... Rc2 {[%clk 0:16:56]} 32. Rd1 {[%clk 0:06:26]} 32...
Rg2+ {[%clk 0:16:38]} 33. Kf1 {[%clk 0:06:51]} 33... Bc4+ {[%clk 0:16:50]} 0-1

[Event "DEM U18w 2019"]
[Site "Willingen GER"]
[Date "2019.06.14"]
[Round "8"]
[White "Alferova, Ekaterina"]
[Black "Trams, Emma Joe"]
[Result "1/2-1/2"]
[Termination "normal"]
[Board "9"]
[WhiteElo "1597"]
[BlackElo "1418"]
[WhiteClock "00:02:03"]
[BlackClock "00:32:46"]
[PlyCount "151"]
[WhiteFideId "16217250"]
[BlackFideId "16206517"]
[EventCountry "GER"]
[EventRounds "9"]
[EventType "swiss"]
[EventDate "2019.06.08"]

1. d4 {[%clk 1:30:58]} 1... d5 {[%clk 1:30:54]} 2. Bf4 {[%clk 1:31:17]} 2... e6
{[%clk 1:30:41]} 3. e3 {[%clk 1:30:55]} 3... Nf6 {[%clk 1:30:16]} 4. a3 { [%clk
1:30:25]} 4... Bd6 {[%clk 1:30:16]} 5. Bg3 {[%clk 1:30:25]} 5... O-O { [%clk
1:30:25]} 6. Nf3 {[%clk 1:30:23]} 6... Ne4 {[%clk 1:29:13]} 7. Bd3 { [%clk
1:29:17]} 7... Nf6 {[%clk 1:27:20]} 8. Nc3 {[%clk 1:27:14]} 8... a6 { [%clk
1:27:02]} 9. Ne2 {[%clk 1:25:33]} 9... Nc6 {[%clk 1:26:19]} 10. c3 { [%clk
1:19:25]} 10... h6 {[%clk 1:25:13]} 11. Qc2 {[%clk 1:19:33]} 11... Re8 { [%clk
1:24:51]} 12. Nf4 {[%clk 1:08:38]} 12... e5 {[%clk 1:24:07]} 13. dxe5 { [%clk
1:09:03]} 13... Nxe5 {[%clk 1:23:32]} 14. Nxe5 {[%clk 1:08:47]} 14... Bxe5
{[%clk 1:23:47]} 15. O-O {[%clk 1:07:31]} 15... c6 {[%clk 1:22:49]} 16. Rad1
{[%clk 1:05:01]} 16... Qc7 {[%clk 1:21:44]} 17. h3 {[%clk 1:02:59]} 17... Bd7
{[%clk 1:19:46]} 18. Rfe1 {[%clk 0:57:18]} 18... Rad8 {[%clk 1:19:12]} 19. Rf1
{[%clk 0:47:23]} 19... Bc8 {[%clk 1:18:30]} 20. Rd2 {[%clk 0:40:48]} 20... b5
{[%clk 1:14:59]} 21. Rfd1 {[%clk 0:39:49]} 21... Kf8 {[%clk 1:12:11]} 22. a4
{[%clk 0:24:31]} 22... Bb7 {[%clk 1:08:56]} 23. axb5 {[%clk 0:23:55]} 23...
axb5 {[%clk 1:09:13]} 24. Ra1 {[%clk 0:23:45]} 24... Ra8 {[%clk 1:09:05]} 25.
Rdd1 {[%clk 0:22:48]} 25... Rxa1 {[%clk 1:08:39]} 26. Rxa1 {[%clk 0:23:08]}
26... Ra8 {[%clk 1:08:16]} 27. Rxa8+ {[%clk 0:21:27]} 27... Bxa8 { [%clk
1:08:40]} 28. Qb1 {[%clk 0:21:44]} 28... Bb7 {[%clk 1:07:42]} 29. Bg6 { [%clk
0:19:37]} 29... Bc8 {[%clk 1:06:49]} 30. Bd3 {[%clk 0:15:35]} 30... Qb8 { [%clk
1:03:56]} 31. Bc2 {[%clk 0:14:20]} 31... Qc7 {[%clk 1:00:19]} 32. Kf1 { [%clk
0:12:50]} 32... Bd6 {[%clk 0:58:29]} 33. Qd1 {[%clk 0:10:34]} 33... Qe7 { [%clk
0:57:38]} 34. Qf3 {[%clk 0:07:31]} 34... Kg8 {[%clk 0:54:53]} 35. Nh5 { [%clk
0:05:21]} 35... Nxh5 {[%clk 0:53:52]} 36. Bxd6 {[%clk 0:05:37]} 36... Qxd6
{[%clk 0:53:53]} 37. Qxh5 {[%clk 0:05:59]} 37... Qe6 {[%clk 0:52:22]} 38. Qh4
{[%clk 0:06:04]} 38... Qd6 {[%clk 0:50:47]} 39. Kg1 {[%clk 0:05:47]} 39... Kf8
{[%clk 0:48:22]} 40. Qd4 {[%clk 0:05:50]} 40... Qe7 {[%clk 0:37:12]} 41. Qd3
{[%clk 0:05:40]} 41... Bd7 {[%clk 0:32:51]} 42. Qh7 {[%clk 0:05:27]} 42... Qf6
{[%clk 0:32:55]} 43. Qh8+ {[%clk 0:00:48]} 43... Ke7 {[%clk 0:33:14]} 44. Qb8
{[%clk 0:01:04]} 44... Qg5 {[%clk 0:29:25]} 45. Qc7 {[%clk 0:00:44]} 45... g6
{[%clk 0:28:32]} 46. Kf1 {[%clk 0:28:26]} 46... h5 {[%clk 0:56:55]} 47. Bd3
{[%clk 0:24:59]} 47... Qf6 {[%clk 0:53:51]} 48. Qa7 {[%clk 0:23:44]} 48... Qd6
{[%clk 0:53:17]} 49. Kg1 {[%clk 0:23:22]} 49... b4 {[%clk 0:49:55]} 50. Qa5 {
[%clk 0:21:06]} 50... bxc3 {[%clk 0:49:27]} 51. bxc3 {[%clk 0:20:38]} 51... Qf6
{[%clk 0:47:01]} 52. Qc5+ {[%clk 0:19:39]} 52... Qd6 {[%clk 0:46:20]} 53. Qa5 {
[%clk 0:18:20]} 53... Qf6 {[%clk 0:46:26]} 54. Kf1 {[%clk 0:18:06]} 54... Bf5 {
[%clk 0:45:04]} 55. Qc5+ {[%clk 0:18:08]} 55... Kd7 {[%clk 0:44:00]} 56. Bxf5+
{[%clk 0:13:43]} 56... Qxf5 {[%clk 0:44:15]} 57. Qd4 {[%clk 0:13:55]} 57...
Qb1+ {[%clk 0:43:08]} 58. Ke2 {[%clk 0:14:17]} 58... Qc2+ {[%clk 0:43:09]} 59.
Kf3 {[%clk 0:14:17]} 59... Qf5+ {[%clk 0:43:02]} 60. Qf4 {[%clk 0:13:50]} 60...
Ke6 {[%clk 0:42:47]} 61. Qxf5+ {[%clk 0:10:44]} 61... Kxf5 {[%clk 0:42:57]} 62.
Ke2 {[%clk 0:11:11]} 62... c5 {[%clk 0:42:15]} 63. Kd3 {[%clk 0:11:25]} 63...
Ke5 {[%clk 0:41:54]} 64. c4 {[%clk 0:06:56]} 64... f5 {[%clk 0:40:49]} 65. f3 {
[%clk 0:05:19]} 65... Kd6 {[%clk 0:39:32]} 66. g3 {[%clk 0:04:49]} 66... Ke5 {
[%clk 0:38:25]} 67. h4 {[%clk 0:04:29]} 67... Kd6 {[%clk 0:38:32]} 68. Kc3 {
[%clk 0:03:17]} 68... Ke5 {[%clk 0:37:13]} 69. Kd3 {[%clk 0:03:14]} 69... Kd6 {
[%clk 0:37:33]} 70. Kc3 {[%clk 0:01:47]} 70... Ke5 {[%clk 0:37:46]} 71. cxd5 {
[%clk 0:01:22]} 71... Kxd5 {[%clk 0:37:57]} 72. Kd3 {[%clk 0:01:47]} 72... Ke5
{[%clk 0:33:41]} 73. Kc4 {[%clk 0:02:00]} 73... Kd6 {[%clk 0:33:47]} 74. Kc3 {
[%clk 0:02:08]} 74... Kd5 {[%clk 0:32:30]} 75. Kd3 {[%clk 0:02:25]} 75... Ke5 {
[%clk 0:32:46]} 76. Kc4 {[%clk 0:02:03]} 1/2-1/2

[Event "DEM U18w 2019"]
[Site "Willingen GER"]
[Date "2019.06.14"]
[Round "8"]
[White "Kümmel, Tina"]
[Black "Kadach, Maria"]
[Result "1/2-1/2"]
[Termination "normal"]
[Board "11"]
[WhiteElo "1446"]
[BlackElo "1460"]
[WhiteClock "00:04:10"]
[BlackClock "00:02:02"]
[PlyCount "71"]
[WhiteFideId "12979368"]
[BlackFideId "16261798"]
[EventCountry "GER"]
[EventRounds "9"]
[EventType "swiss"]
[EventDate "2019.06.08"]

1. Nf3 {[%clk 1:30:57]} 1... Nf6 {[%clk 1:30:38]} 2. g3 {[%clk 1:31:18]} 2...
g6 {[%clk 1:30:35]} 3. Bg2 {[%clk 1:31:42]} 3... Bg7 {[%clk 1:30:32]} 4. O-O {
[%clk 1:32:05]} 4... d5 {[%clk 1:30:30]} 5. d4 {[%clk 1:32:21]} 5... O-O {
[%clk 1:30:28]} 6. c4 6... c6 {[%clk 1:24:07]} 7. b3 {[%clk 1:31:25]} 7... Nbd7
{[%clk 1:23:16]} 8. Bb2 {[%clk 1:30:06]} 8... Re8 9. Nc3 {[%clk 1:23:51]} 9...
e6 {[%clk 1:21:37]} 10. Re1 {[%clk 1:15:38]} 10... Ne4 11. Qc2 {[%clk 1:13:02]}
11... f5 {[%clk 1:11:42]} 12. Rad1 {[%clk 0:59:46]} 12... b6 {[%clk 0:57:06]}
13. Nd2 13... Ba6 {[%clk 0:54:03]} 14. e3 {[%clk 0:54:07]} 14... Qc7 { [%clk
0:51:31]} 15. cxd5 {[%clk 0:42:58]} 15... cxd5 16. f3 {[%clk 0:42:45]} 16...
Nxc3 {[%clk 0:48:20]} 17. Bxc3 {[%clk 0:42:58]} 17... Rac8 { [%clk 0:36:07]}
18. Rc1 Red8 19. Qb2 {[%clk 0:41:51]} 19... Qd6 {[%clk 0:32:35] } 20. e4 {[%clk
0:40:44]} 20... fxe4 {[%clk 0:32:28]} 21. fxe4 {[%clk 0:38:51]} 21... Rf8
{[%clk 0:29:05]} 22. e5 {[%clk 0:36:46]} 22... Qb8 {[%clk 0:27:02]} 23. Bh3
{[%clk 0:35:00]} 23... Rfe8 {[%clk 0:24:45]} 24. Nf3 Bh6 25. Bd2 { [%clk
0:32:56]} 25... Bxd2 {[%clk 0:23:48]} 26. Qxd2 {[%clk 0:33:10]} 26... Re7
{[%clk 0:21:30]} 27. Ng5 {[%clk 0:32:33]} 27... Rce8 {[%clk 0:15:04]} 28. Qf4
28... Nf8 {[%clk 0:11:58]} 29. Rc6 {[%clk 0:28:12]} 29... Qb7 {[%clk 0:10:27]}
30. Rec1 {[%clk 0:26:21]} 30... h6 {[%clk 0:08:39]} 31. Nf3 {[%clk 0:21:09]}
31... Rh7 {[%clk 0:05:41]} 32. Rd6 {[%clk 0:18:20]} 32... Qf7 {[%clk 0:03:03]}
33. Qe3 33... g5 {[%clk 0:03:05]} 34. Rc2 {[%clk 0:12:44]} 34... Rg7 { [%clk
0:02:02]} 35. Rf2 {[%clk 0:04:10]} 35... Qg6 36. Bf1 1/2-1/2

[Event "DEM U18w 2019"]
[Site "Willingen GER"]
[Date "2019.06.15"]
[Round "9"]
[White "Poetsch, Leonore"]
[Black "Schulze, Lara"]
[Result "0-1"]
[Termination "normal"]
[Board "1"]
[BlackTitle "WFM"]
[WhiteElo "1953"]
[BlackElo "2160"]
[WhiteClock "01:02:29"]
[BlackClock "00:39:25"]
[PlyCount "44"]
[WhiteFideId "12940372"]
[BlackFideId "12956830"]
[EventCountry "GER"]
[EventRounds "9"]
[EventType "swiss"]
[EventDate "2019.06.08"]

1. e4 {[%clk 1:30:57]} 1... e6 {[%clk 1:30:57]} 2. d4 {[%clk 1:31:22]} 2... d5
{[%clk 1:31:24]} 3. Nd2 {[%clk 1:31:42]} 3... c5 {[%clk 1:31:50]} 4. Ngf3 {
[%clk 1:32:09]} 4... cxd4 {[%clk 1:32:14]} 5. Nxd4 {[%clk 1:32:35]} 5... Nc6 {
[%clk 1:32:32]} 6. c3 {[%clk 1:28:49]} 6... Nxd4 {[%clk 1:29:37]} 7. cxd4 {
[%clk 1:29:15]} 7... dxe4 {[%clk 1:29:42]} 8. Nxe4 {[%clk 1:29:29]} 8... Bd7 {
[%clk 1:28:24]} 9. Be3 {[%clk 1:24:14]} 9... Bb4+ {[%clk 1:21:55]} 10. Nc3 {
[%clk 1:22:24]} 10... Nf6 {[%clk 1:20:56]} 11. Qb3 {[%clk 1:20:57]} 11... Nd5 {
[%clk 1:14:10]} 12. Bc4 {[%clk 1:16:21]} 12... Bxc3+ {[%clk 1:05:32]} 13. bxc3
{[%clk 1:15:54]} 13... Nxe3 {[%clk 1:05:54]} 14. fxe3 {[%clk 1:16:20]} 14...
Qh4+ {[%clk 1:06:06]} 15. Ke2 {[%clk 1:13:10]} 15... Bc6 {[%clk 1:00:27]} 16.
Rhg1 {[%clk 1:06:21]} 16... Qxh2 {[%clk 0:55:58]} 17. a4 {[%clk 1:04:32]} 17...
Bxg2 {[%clk 0:46:47]} 18. Kd3 {[%clk 1:04:57]} 18... f5 {[%clk 0:41:19]} 19.
Bxe6 {[%clk 1:01:38]} 19... Be4+ {[%clk 0:40:00]} 20. Kc4 {[%clk 1:02:04]}
20... Qc7+ {[%clk 0:39:37]} 21. Kb4 {[%clk 1:02:25]} 21... Qd6+ {[%clk 0:39:20]
} 22. Kb5 {[%clk 1:02:29]} 22... Qb6+ {[%clk 0:39:25]} 0-1

[Event "DEM U18w 2019"]
[Site "Willingen GER"]
[Date "2019.06.15"]
[Round "9"]
[White "Arnhold, Steffi"]
[Black "Ziegenfuß, Antonia"]
[Result "0-1"]
[Termination "normal"]
[Board "2"]
[WhiteElo "1996"]
[BlackElo "2111"]
[WhiteClock "00:04:16"]
[BlackClock "00:03:20"]
[PlyCount "78"]
[WhiteFideId "12931365"]
[BlackFideId "12962554"]
[EventCountry "GER"]
[EventRounds "9"]
[EventType "swiss"]
[EventDate "2019.06.08"]

1. e4 {[%clk 1:30:57]} 1... c5 {[%clk 1:30:57]} 2. Nc3 {[%clk 1:31:19]} 2... e6
{[%clk 1:31:14]} 3. Nf3 {[%clk 1:31:31]} 3... Nf6 {[%clk 1:27:16]} 4. d4 {
[%clk 1:31:21]} 4... cxd4 {[%clk 1:27:29]} 5. Nxd4 {[%clk 1:31:44]} 5... Nc6 {
[%clk 1:27:48]} 6. Nxc6 {[%clk 1:31:30]} 6... bxc6 {[%clk 1:28:07]} 7. e5 {
[%clk 1:31:43]} 7... Nd5 {[%clk 1:28:24]} 8. Ne4 {[%clk 1:31:54]} 8... f5 {
[%clk 1:28:36]} 9. exf6 {[%clk 1:20:41]} 9... Nxf6 {[%clk 1:27:35]} 10. Nd6+ {
[%clk 1:17:54]} 10... Bxd6 {[%clk 1:27:57]} 11. Qxd6 {[%clk 1:18:19]} 11... Ba6
{[%clk 1:27:19]} 12. Bxa6 {[%clk 1:16:59]} 12... Qa5+ {[%clk 1:27:43]} 13. Bd2
{[%clk 1:17:21]} 13... Qxa6 {[%clk 1:28:08]} 14. Bb4 {[%clk 1:15:17]} 14...
O-O-O {[%clk 1:23:39]} 15. Rd1 {[%clk 0:59:49]} 15... e5 {[%clk 1:13:17]} 16.
f3 {[%clk 0:49:39]} 16... e4 {[%clk 1:00:31]} 17. f4 {[%clk 0:46:21]} 17...
Rhe8 {[%clk 0:52:27]} 18. c4 {[%clk 0:25:08]} 18... e3 {[%clk 0:40:18]} 19. Qc5
{[%clk 0:10:19]} 19... Ne4 {[%clk 0:32:03]} 20. Qa5 {[%clk 0:10:06]} 20... Qxc4
{[%clk 0:29:21]} 21. Bc3 {[%clk 0:08:29]} 21... Qb5 {[%clk 0:05:00]} 22. Rd4 {
[%clk 0:06:48]} 22... Nxc3 {[%clk 0:03:42]} 23. Qxc3 {[%clk 0:07:07]} 23... a5
{[%clk 0:00:46]} 24. a4 {[%clk 0:06:58]} 24... Qf5 {[%clk 0:00:41]} 25. O-O {
[%clk 0:06:45]} 25... Re6 {[%clk 0:00:50]} 26. Re1 {[%clk 0:06:45]} 26... Rde8
{[%clk 0:01:03]} 27. Qc4 {[%clk 0:06:25]} 27... Kc7 {[%clk 0:00:54]} 28. Qa6 {
[%clk 0:06:18]} 28... Qc5 {[%clk 0:01:05]} 29. Qd3 {[%clk 0:06:30]} 29... d5 {
[%clk 0:01:10]} 30. Kh1 {[%clk 0:03:51]} 30... Re4 {[%clk 0:01:26]} 31. Rxe4 {
[%clk 0:04:04]} 31... Rxe4 {[%clk 0:01:52]} 32. g3 {[%clk 0:04:18]} 32... Qb4 {
[%clk 0:01:39]} 33. Re2 {[%clk 0:03:42]} 33... Qxa4 {[%clk 0:01:57]} 34. Rxe3 {
[%clk 0:02:36]} 34... Rxe3 {[%clk 0:02:22]} 35. Qxe3 {[%clk 0:03:02]} 35...
Qe4+ {[%clk 0:01:50]} 36. Qxe4 {[%clk 0:03:13]} 36... dxe4 {[%clk 0:02:17]} 37.
Kg1 {[%clk 0:03:27]} 37... Kd6 {[%clk 0:02:41]} 38. Kf2 {[%clk 0:03:53]} 38...
Kd5 {[%clk 0:03:06]} 39. Ke3 {[%clk 0:04:16]} 39... c5 {[%clk 0:03:20]} 0-1

[Event "DEM U18w 2019"]
[Site "Willingen GER"]
[Date "2019.06.15"]
[Round "9"]
[White "Mönster, Madita"]
[Black "Ratay, Meike"]
[Result "0-1"]
[Termination "normal"]
[Board "3"]
[WhiteElo "1994"]
[BlackElo "1991"]
[WhiteClock "00:01:18"]
[BlackClock "00:04:50"]
[PlyCount "80"]
[WhiteFideId "12947156"]
[BlackFideId "12977608"]
[EventCountry "GER"]
[EventRounds "9"]
[EventType "swiss"]
[EventDate "2019.06.08"]

1. e4 {[%clk 1:30:57]} 1... c5 {[%clk 1:30:56]} 2. Nf3 {[%clk 1:31:17]} 2... d6
{[%clk 1:31:21]} 3. d4 {[%clk 1:31:41]} 3... Nf6 {[%clk 1:31:46]} 4. Nc3 {
[%clk 1:31:58]} 4... cxd4 {[%clk 1:32:12]} 5. Nxd4 {[%clk 1:32:17]} 5... a6 {
[%clk 1:32:37]} 6. f3 {[%clk 1:32:37]} 6... e5 {[%clk 1:32:57]} 7. Nb3 { [%clk
1:33:01]} 7... Be6 {[%clk 1:33:22]} 8. Be3 {[%clk 1:33:23]} 8... Be7 { [%clk
1:33:39]} 9. Qd2 {[%clk 1:33:45]} 9... O-O {[%clk 1:33:58]} 10. O-O-O { [%clk
1:34:07]} 10... Nbd7 {[%clk 1:34:17]} 11. g4 {[%clk 1:34:22]} 11... b5 { [%clk
1:34:41]} 12. g5 {[%clk 1:34:36]} 12... Nh5 {[%clk 1:35:00]} 13. Kb1 { [%clk
1:31:41]} 13... Qc7 {[%clk 1:33:25]} 14. h4 {[%clk 1:26:28]} 14... Ng3 { [%clk
1:28:09]} 15. Rh2 {[%clk 1:20:05]} 15... Nxf1 {[%clk 1:27:29]} 16. Rxf1 { [%clk
1:20:28]} 16... b4 {[%clk 1:17:05]} 17. Nd5 {[%clk 1:06:25]} 17... Bxd5 { [%clk
1:17:18]} 18. Qxd5 {[%clk 1:04:53]} 18... a5 {[%clk 1:09:18]} 19. h5 { [%clk
0:36:49]} 19... a4 {[%clk 1:03:08]} 20. Na1 {[%clk 0:33:27]} 20... a3 { [%clk
0:54:05]} 21. Qb3 {[%clk 0:29:44]} 21... axb2 {[%clk 0:52:00]} 22. Qxb2 { [%clk
0:28:42]} 22... Nc5 {[%clk 0:43:58]} 23. Bxc5 {[%clk 0:27:33]} 23... Qxc5
{[%clk 0:42:52]} 24. g6 {[%clk 0:24:39]} 24... Ra3 {[%clk 0:38:24]} 25. Nb3 {
[%clk 0:23:04]} 25... Qc4 {[%clk 0:34:10]} 26. Rg1 {[%clk 0:20:25]} 26... h6 {
[%clk 0:19:09]} 27. gxf7+ {[%clk 0:19:54]} 27... Rxf7 {[%clk 0:19:28]} 28. Rhg2
{[%clk 0:15:56]} 28... Bg5 {[%clk 0:16:14]} 29. Rd1 {[%clk 0:08:12]} 29... Rfa7
{[%clk 0:12:09]} 30. Rf2 {[%clk 0:03:21]} 30... Be3 {[%clk 0:06:33]} 31. Rg2 {
[%clk 0:01:36]} 31... Bd4 {[%clk 0:06:07]} 32. Nxd4 {[%clk 0:01:20]} 32... Rxa2
{[%clk 0:06:26]} 33. Nb3 {[%clk 0:00:33]} 33... Rxb2+ {[%clk 0:06:10]} 34. Kxb2
{[%clk 0:00:57]} 34... Qc3+ {[%clk 0:06:13]} 35. Kb1 {[%clk 0:01:07]} 35...
Qxf3 {[%clk 0:06:26]} 36. Rgd2 {[%clk 0:01:16]} 36... Rd7 {[%clk 0:04:01]} 37.
Rxd6 {[%clk 0:00:32]} 37... Qxd1+ {[%clk 0:03:40]} 38. Rxd1 {[%clk 0:00:54]}
38... Rxd1+ {[%clk 0:04:08]} 39. Kb2 {[%clk 0:01:15]} 39... g5 {[%clk 0:04:27]}
40. hxg6 {[%clk 0:01:18]} 40... h5 {[%clk 0:04:50]} 0-1

[Event "DEM U18w 2019"]
[Site "Willingen GER"]
[Date "2019.06.15"]
[Round "9"]
[White "Mundt, Alexandra"]
[Black "Möller, Lisa-Marie"]
[Result "1/2-1/2"]
[Termination "normal"]
[Board "5"]
[WhiteElo "1799"]
[BlackElo "1900"]
[WhiteClock "00:15:43"]
[BlackClock "00:03:56"]
[PlyCount "81"]
[WhiteFideId "16217276"]
[BlackFideId "12959367"]
[EventCountry "GER"]
[EventRounds "9"]
[EventType "swiss"]
[EventDate "2019.06.08"]

1. Nf3 {[%clk 1:30:57]} 1... c5 {[%clk 1:30:56]} 2. b3 {[%clk 1:31:23]} 2...
Nc6 {[%clk 1:31:01]} 3. Bb2 {[%clk 1:31:33]} 3... d6 {[%clk 1:31:16]} 4. c4 {
[%clk 1:31:07]} 4... e5 {[%clk 1:30:36]} 5. d3 {[%clk 1:29:49]} 5... g6 { [%clk
1:30:42]} 6. g3 {[%clk 1:29:11]} 6... Bg7 {[%clk 1:29:36]} 7. Bg2 { [%clk
1:28:53]} 7... Nge7 {[%clk 1:29:17]} 8. Nbd2 {[%clk 1:25:14]} 8... O-O { [%clk
1:29:00]} 9. Qc2 {[%clk 1:21:45]} 9... h6 {[%clk 1:26:46]} 10. a3 { [%clk
1:21:06]} 10... a5 {[%clk 1:26:39]} 11. O-O {[%clk 1:15:04]} 11... Be6 { [%clk
1:25:18]} 12. Nb1 12... f5 {[%clk 1:22:14]} 13. Nc3 {[%clk 1:11:43]} 13... g5
{[%clk 1:14:30]} 14. e3 {[%clk 1:06:07]} 14... f4 {[%clk 1:09:58]} 15. exf4
{[%clk 1:01:50]} 15... gxf4 {[%clk 1:00:45]} 16. Ne4 {[%clk 0:55:20]} 16... Ng6
{[%clk 0:56:33]} 17. Rab1 {[%clk 0:46:24]} 17... Qd7 {[%clk 0:46:51]} 18. Bc3
{[%clk 0:37:34]} 18... Nd4 {[%clk 0:35:21]} 19. Bxd4 {[%clk 0:29:35]} 19...
exd4 {[%clk 0:35:28]} 20. b4 {[%clk 0:27:11]} 20... axb4 {[%clk 0:30:18]} 21.
axb4 {[%clk 0:27:18]} 21... b6 {[%clk 0:29:28]} 22. bxc5 {[%clk 0:24:49]} 22...
bxc5 {[%clk 0:29:42]} 23. Rb6 {[%clk 0:25:01]} 23... Bg4 {[%clk 0:20:46]} 24.
Rxd6 {[%clk 0:19:32]} 24... Qf5 {[%clk 0:19:02]} 25. Rd5 {[%clk 0:17:09]} 25...
Ne5 {[%clk 0:13:51]} 26. Nh4 {[%clk 0:03:26]} 26... Qf7 {[%clk 0:11:43]} 27. f3
{[%clk 0:01:44]} 27... Be6 {[%clk 0:11:35]} 28. Rxc5 {[%clk 0:01:48]} 28... Ra3
{[%clk 0:11:35]} 29. Nf2 {[%clk 0:01:26]} 29... Rfa8 {[%clk 0:11:10]} 30. Qd2
{[%clk 0:01:07]} 30... Rc3 {[%clk 0:09:13]} 31. Rb5 {[%clk 0:00:46]} 31... Raa3
{[%clk 0:08:53]} 32. Rb8+ {[%clk 0:00:50]} 32... Kh7 {[%clk 0:09:05] } 33. Qe2
{[%clk 0:00:46]} 33... Bf5 {[%clk 0:08:08]} 34. Nxf5 {[%clk 0:00:53]} 34...
Qxf5 {[%clk 0:08:36]} 35. Bh3 {[%clk 0:00:55]} 35... Qg6 {[%clk 0:08:17]} 36.
Rb5 {[%clk 0:00:37]} 36... fxg3 {[%clk 0:07:52]} 37. hxg3 {[%clk 0:00:41]}
37... Qxg3+ {[%clk 0:07:49]} 38. Bg2 {[%clk 0:00:47]} 38... Nxd3 { [%clk
0:06:30]} 39. Ne4 {[%clk 0:00:40]} 39... Qh4 {[%clk 0:03:56]} 40. Nxc3 { [%clk
0:00:46]} 40... Rxc3 {[%clk 0:03:56]} 41. Qe6 {[%clk 0:15:43]} 1/2-1/2